Taxonomía de los objetivos educacionales: Dominio Psicomotor. Elizabeth Simpson
Tallennettuna:
| Päätekijät: | , |
|---|---|
| Aineistotyyppi: | Kirja |
| Kieli: | espanja |
| Julkaistu: |
Valparaíso
Universidad de Chile: Departamento de Educación. Sección Curricular
1977
|
| Aiheet: | |
| Tagit: |
Lisää tagi
Ei tageja, Lisää ensimmäinen tagi!
|
MARC
| LEADER | 00000nam a2200000 a 4500 | ||
|---|---|---|---|
| 001 | UCH2653 | ||
| 003 | CL-VaPUC | ||
| 008 | 090618e19770000CL |||||||||||||||||spa|d | ||
| 082 | 0 | 4 | |a 370.11 |b BAH |2 21 |
| 100 | 0 | |a Bahamonde Velásquez, Orlando |e author |9 537636 | |
| 700 | 0 | |a Avila Espinoza, Claudina |e author |9 537637 | |
| 245 | 1 | 0 | |a Taxonomía de los objetivos educacionales: Dominio Psicomotor. Elizabeth Simpson |
| 300 | |a 102 p | ||
| 942 | |c BK | ||
| 945 | |d 20090618 00:00:00 |a dcastane | ||
| 260 | |a Valparaíso |b Universidad de Chile: Departamento de Educación. Sección Curricular |c 1977 | ||
| 650 | 0 | |a Filosofía de la educación |9 258384 | |
| 650 | 0 | |a Objetivos educativos |9 306344 | |
| 650 | 0 | |a Psicología del aprendizaje |9 306854 | |
| 650 | 7 | |a DOMINIO PSICOMOTOR |2 CL-VaPUC |9 537638 | |
| 650 | 7 | |a PSICOMOTRICIDAD |2 CL-VaPUC |9 241072 | |
| 583 | |a last modification |c 20090618 00:00:00 |k Rodrigo Vera | ||
| 999 | |c 334374 |d 334372 | ||
| 952 | |0 0 |1 0 |4 0 |6 370_110000000000000_BAH_1977 |7 0 |8 P |9 423362 |a BIBEDU |b BIBEDU |c BIBEDU_PB |d 2019-11-22 |i 4563751 |o 370.11 BAH 1977 |p 4563751 |r 2024-01-25 |w 2019-11-22 |y BK |k EBA | ||